000 00837nam a2200229Ii 4500
003 JO-AjNU
008 230605s9999||||xx |||||||||||||| ||und||
017 _a1996/5/668
040 _aJO-AjNU
_bara
_erda
_cJO-AjNU
041 _aara
050 1 4 _aHF5653 .H3996 1996
100 3 _aالحيالي، وليد ناجي,
_eauthor
_915896
245 0 0 _aالمحاسبة المتوسطة: مشاكل القياس والافصاح المحاسبي
250 _aط1
264 3 1 _aعمان: دار حنين ، مكتبة الفلاح، 1996
300 _a473ص
_bيحتوي على جداول وببلوغرافية من ص463-473ص
336 _atext
_btxt
_2rdacontent
337 _aunmediated
_bn
_2rdamedia
338 _avolume
_bnc
_2rdacarrier
490 0 _aسلسلة كتب المحاسبة ؛ 6 
650 4 _aالمحاسبة
_915897
999 _aA4594
_c8162
_d8162